| 000 | 00433nam a22001571a 4500 | ||
|---|---|---|---|
| 082 |
_aS 294.592 6 _bMAN/D |
||
| 245 |
_aThe dharam shastra: _bhindu religious codes (vol.2)/ _cby Manmath Nath Dutt (tr.) |
||
| 260 |
_aNew Delhi: _bCosmo, _c1979. |
||
| 300 | _a269-499+187-340p. | ||
| 650 | _aDharmashastra | ||
| 650 | _aReligious Codes | ||
| 650 | _aHinduism | ||
| 650 | _aReligion | ||
| 700 | _aManmath Nath Dutt (tr.) | ||
| 942 | _cBK | ||
| 999 |
_c10483 _d10483 |
||